| 000 | 00569nam a2200205 4500 | ||
|---|---|---|---|
| 003 | PK-NaQUE | ||
| 005 | 20260601120317.0 | ||
| 008 | 260601b |||||||| |||| 00| 0 eng d | ||
| 020 | _a9780669128628 | ||
| 020 | _a978-0669128628 | ||
| 040 | _cQUEST | ||
| 082 | _aROB | ||
| 100 |
_aHoltzclaw, WIlliam R. _9197 |
||
| 245 | _aCollege Chemistry: with qualitative analysis | ||
| 260 |
_aToronto: _c1988. |
||
| 650 |
_aChemistry _9198 |
||
| 700 |
_aRobinson, Henry F. _9199 |
||
| 856 |
_uhttp://10.10.170.122:8080/browse/book/29763 _yDownload eBook |
||
| 942 |
_cBK _2ddc |
||
| 999 |
_c9722 _d9722 |
||